|
|
|
|
| LEADER |
00000nam a2200000 i 4500 |
| 001 |
DIGOVENEG454 |
| 003 |
NyNyDIG |
| 006 |
m o d |
| 007 |
cr ||||||||||| |
| 008 |
230103s2022 ck ob 000 0 spa d |
| 035 |
|
|
|a (OCoLC)1367360267
|
| 040 |
|
|
|a DGITA
|b eng
|e rda
|e pn
|c DGITA
|
| 020 |
|
|
|z 9789580614647
|
| 043 |
|
|
|a s-ck---
|
| 050 |
1 |
4 |
|a HN310.5 ebook
|
| 100 |
1 |
|
|a Ayala Hernández, Edna Magaly,
|e author.
|
| 245 |
1 |
0 |
|a Desvictimizándome :
|b resiliencia y conflicto armado en Colombia /
|c Edna Magaly Ayala Hernandez ; prólogo por Juan Carlos Sainz.
|
| 264 |
|
1 |
|a Bogotá :
|b Editorial Oveja Negra ;
|a Cali :
|b Universidad Santiago de Cali, Editorial,
|c [2022]
|
| 300 |
|
|
|a 1 online resource.
|
| 336 |
|
|
|a text
|2 rdacontent
|
| 337 |
|
|
|a computer
|b c
|2 rdamedia
|
| 338 |
|
|
|a online resource
|b cr
|2 rdacarrier
|
| 347 |
|
|
|a text file
|2 rdaft
|
| 347 |
|
|
|b EPUB
|
| 347 |
|
|
|b PDF
|
| 504 |
|
|
|a Includes bibliographical references.
|
| 588 |
0 |
|
|a Online resource; title from ePub title page (Digitalia, viewed January 3, 2023)
|
| 650 |
|
0 |
|a Demobilization
|z Colombia
|v Personal narratives.
|
| 650 |
|
0 |
|a Social integration
|z Colombia
|v Personal narratives.
|
| 650 |
|
0 |
|a Peace building
|z Colombia
|v Personal narratives.
|
| 700 |
1 |
|
|a Sainz, Juan Carlos,
|e contributor agent of text.
|
| 776 |
0 |
8 |
|i Print version:
|a Ayala Hernández, Edna Magaly.
|t Desvictimizándome.
|b 1a edición.
|d Bogotá : Editorial Oveja Negra ; Cali : Universidad Santiago de Cali, Editorial, Editorial, [2022]
|z 9789580614647
|
| 791 |
2 |
|
|a Digitalia (Firm),
|e distributor.
|
| 793 |
0 |
|
|g Digitalia eBook Collection:
|a Editorial Oveja Negra
|
| 856 |
4 |
0 |
|3 Digitalia Hispánica
|u https://www.digitaliapublishing.com/a/113530/
|
| 910 |
|
|
|a Premium Collection: 2023
|